| 000 | 00449nam a2200205Ia 4500 | ||
|---|---|---|---|
| 001 | 12046 | ||
| 003 | GE_BSU | ||
| 008 | 181216s||||||||xx |||||||||||||| ||und|| | ||
| 020 | _a9780099534457 | ||
| 040 | _cGE_BSU | ||
| 080 | _a821.111-312.4 | ||
| 100 | _aCooper,Gleen | ||
| 245 | _aLibrary of the dead | ||
| 260 | _aLondon | ||
| 260 | _bArrow Books. | ||
| 260 | _c2009. | ||
| 300 | _a410p;20cm. | ||
| 653 | _aLibrary of the dead | ||
| 942 | _cBK | ||
| 999 |
_c45223 _d45223 |
||